00382 2200157 4500001002100000005001500021035002000036245003900056100001300095300002600108260003400134082000800168084001400176020002200190990001200212INLIS00000000000187020250515022618 a0010-05250001621 aJangan Bersedih, Ukhti /cRanydepe0 aRanydepe a184 hlm ;c13 x 19 cm aJakarta :bWahyu Qolbu,c2018 a200 a200 RAN j a978-602-6358-51-6 a0754810